Countries of the World - Best Selling Car Manufacturers - Statistics

General Stats
  • This quiz has been taken 119 times
    91 since last reset
  • The average score is 158 of 223
Answers on the Map
Answers color-coded by a green-red scale on the quiz's map according to % correct below.
 
Answer Stats
Country % Correct
Belize
95%
Canada
95%
Ford
95%
New Zealand
95%
Nigeria
95%
United Kingdom
95%
United States
95%
Venezuela
95%
Afghanistan
92%
Antigua and Barbuda
92%
Argentina
92%
Australia
92%
Bahrain
92%
Bangladesh
92%
Botswana
92%
Brunei
92%
Burkina Faso
92%
Burundi
92%
Cambodia
92%
Cameroon
92%
Central African Republic
92%
Chad
92%
Costa Rica
92%
Democratic Republic of the Congo
92%
El Salvador
92%
Eritrea
92%
Fiji
92%
Gabon
92%
Georgia
92%
Ghana
92%
Greece
92%
Guatemala
92%
Guinea
92%
Guinea-Bissau
92%
Honduras
92%
Iceland
92%
Indonesia
92%
Ivory Coast
92%
Jamaica
92%
Japan
92%
Jordan
92%
Kazakhstan
92%
Kenya
92%
Kiribati
92%
Kuwait
92%
Kyrgyzstan
92%
Laos
92%
Lebanon
92%
Lesotho
92%
Madagascar
92%
Malawi
92%
Mali
92%
Mauritania
92%
Mongolia
92%
Mozambique
92%
Myanmar
92%
Namibia
92%
Nicaragua
92%
Oman
92%
Pakistan
92%
Papua New Guinea
92%
Paraguay
92%
Peru
92%
Philippines
92%
Qatar
92%
Republic of the Congo
92%
Rwanda
92%
Samoa
92%
Senegal
92%
Sierra Leone
92%
Singapore
92%
Somalia
92%
South Africa
92%
South Sudan
92%
Sudan
92%
Swaziland
92%
Taiwan
92%
Tajikistan
92%
Tanzania
92%
Thailand
92%
Togo
92%
Tonga
92%
Toyota
92%
Trinidad and Tobago
92%
Uganda
92%
United Arab Emirates
92%
Uruguay
92%
Vanuatu
92%
Yemen
92%
Zambia
92%
Hyundai
89%
Bhutan
87%
Dominican Republic
87%
Ireland
87%
Nepal
87%
Russia
87%
Saudi Arabia
87%
South Korea
87%
Austria
86%
Bahamas
86%
Belarus
86%
Belgium
86%
Croatia
86%
Cyprus
86%
Germany
86%
Honda
86%
Liechtenstein
86%
Luxembourg
86%
Montenegro
86%
Netherlands
86%
Norway
86%
San Marino
86%
Sweden
86%
Switzerland
86%
Volkswagen
86%
Angola
83%
Fiat
83%
Italy
83%
Lithuania
83%
Monaco
83%
Serbia
83%
Turkey
83%
Algeria
79%
Andorra
79%
BMW
79%
Colombia
79%
France
79%
Guyana
79%
Latvia
79%
Liberia
79%
Mauritius
79%
Mexico
79%
Nissan
79%
Portugal
79%
Renault
79%
Slovakia
79%
Slovenia
79%
Albania
78%
Azerbaijan
78%
Mercedes-Benz
78%
Turkmenistan
78%
Peugeot
75%
Iraq
71%
Israel
71%
Kia
71%
Panama
71%
Syria
71%
Ukraine
71%
Vietnam
71%
Bosnia and Herzegovina
70%
Czech Republic
70%
Estonia
70%
Finland
70%
Kosovo
70%
Skoda
70%
Chevrolet
68%
Seat
65%
Spain
65%
Denmark
62%
Brazil
56%
Chile
56%
Ecuador
56%
Egypt
56%
Gambia
56%
Mitsubishi
56%
Bulgaria
54%
Dacia
54%
Macedonia
54%
Moldova
54%
Morocco
54%
Romania
54%
Opel
52%
Poland
51%
Bolivia
46%
Hungary
46%
India
46%
Sri Lanka
46%
Suzuki
46%
GM-Uzbekistan
43%
Uzbekistan
43%
Armenia
30%
Barbados
30%
Benin
30%
Cape Verde
30%
Comoros
30%
Cuba
30%
Djibouti
30%
Dominica
30%
East Timor
30%
Equatorial Guinea
30%
Federated States of Micronesia
30%
Grenada
30%
Haiti
30%
Maldives
30%
Malta
30%
Marshall Islands
30%
Nauru
30%
Niger
30%
Palau
30%
Saint Kitts and Nevis
30%
Saint Lucia
30%
Saint Vincent and the Grenadines
30%
São Tomé and Príncipe
30%
Seychelles
30%
Solomon Islands
30%
Suriname
30%
Tuvalu
30%
Vatican City
30%
Tunisia
19%
Zimbabwe
19%
Isuzu
17%
China
11%
Wuling
11%
Ethiopia
5%
Lifan
5%
Libya
3%
Malaysia
3%
North Korea
3%
Perodua Axia
3%
Pyeonghwamotors
3%
ZX Auto
3%
Iran
2%
Saipa Pride
0%
No matching quizzes found
Score Distribution
Percent of People with Each Score
Percentile by Number Answered
Your Score History
You have not taken this quiz since the last reset